Breve tratado acerca de la existencia y de lo existente

Wedi'i Gadw mewn:
Manylion Llyfryddiaeth
Prif Awdur: Maritain, Jacques (autor)
Fformat: Llyfr
Iaith:Sbaeneg
Cyhoeddwyd: Buenos Aires Desclée de Brouwer 1949
Pynciau:
Tagiau: Ychwanegu Tag
Dim Tagiau, Byddwch y cyntaf i dagio'r cofnod hwn!

MARC

LEADER 00000nam a2200000 a 4500
001 UCZ4183
003 CL-VaPUC
008 951106e19490000AG |||||||||||||||||spa|d
082 0 4 |a 111  |b MAR  |2 21 
100 |a Maritain, Jacques  |e autor  |9 255680 
245 1 0 |a Breve tratado acerca de la existencia y de lo existente 
300 |a 186 p 
942 |c BK 
945 |d 19951106 00:00:00  |a cmena 
260 |a Buenos Aires  |b Desclée de Brouwer  |c 1949 
650 0 |a Ontología   |9 256850 
650 0 |a Existencialismo  |9 265698 
650 7 |a SER  |2 CL-VaPUC  |9 320176 
650 0 |a Metafísica  |9 265649 
650 0 |a Intuición  |9 333290 
650 0 |a Naturaleza humana   |9 308593 
650 0 |a Teología   |9 258766 
650 0 |a Virtud y vicio  |9 310637 
583 |a last modification  |c 19951106 00:00:00  |k Rodrigo Vera 
999 |c 240600  |d 240598 
952 |0 0  |1 0  |4 0  |6 111_000000000000000_MAR_1949  |7 0  |8 P  |9 252561  |a BIBEDU  |b BIBEDU  |c BIBEDU_PB  |d 2019-11-18  |i 1594109  |o 111 MAR 1949  |p 1594109  |r 2024-01-25  |w 2019-11-18  |y BK  |k FIL